Players Championships 2022 (Darts) - Statistiken

Allgemein
  • Dieses Quiz wurde 21 mal gespielt
  • Das Durchschnittsergebnis liegt bei 22 aus 30
Antwortstatistiken
Turnier Spieler Nationalität % Korrekt
7 Gerwyn Price Wales
95%
29 Gerwyn Price Wales
95%
14 Michael Smith England
95%
15 Michael Smith England
95%
16 Michael Smith England
95%
8 Michael van Gerwen Niederlande
95%
10 Michael van Gerwen Niederlande
95%
12 Dirk van Duijvenbode Niederlande
89%
18 Dirk van Duijvenbode Niederlande
89%
1 Luke Humphries England
89%
2 Peter Wright Schottland
89%
21 Brendan Dolan Nordirland
84%
5 Damon Heta Australien
84%
26 Damon Heta Australien
84%
13 Nathan Aspinall England
84%
22 Nathan Aspinall England
84%
28 Josh Rock Nordirland
79%
19 Danny Noppert Niederlande
74%
24 Rob Cross England
74%
27 Rob Cross England
74%
25 Dave Chisnall England
63%
30 James Wade England
63%
3 Joe Cullen England
63%
4 Joe Cullen England
63%
11 Ryan Searle England
58%
6 Jim Williams Wales
47%
17 Scott Williams England
47%
9 Danny Jansen Niederlande
42%
20 Adrian Lewis England
37%
23 Keegan Brown England
11%
Keine übereinstimmenden Quizze gefunden
Verteilung der Resultate
Anzahl Personen mit jedem Resultat
Perzentil nach korrekt beantworteten Fragen
Ihre Resultats-Entwicklung
Sie haben dieses Quiz noch nicht gespielt